Nutrición y alimentación del lactante y su patología
Na minha lista:
| Main Authors: | , |
|---|---|
| Formato: | Livro |
| Idioma: | espanhol |
| Publicado em: |
Santiago
Universitaria
1970
|
| Assuntos: | |
| Tags: |
Adicionar Tag
Sem tags, seja o primeiro a adicionar uma tag!
|
MARC
| LEADER | 00000nam a2200000 a 4500 | ||
|---|---|---|---|
| 001 | UCW4509 | ||
| 003 | CL-VaPUC | ||
| 008 | 900515e19700000CL |||||||||||||||||spa|d | ||
| 082 | 0 | 4 | |a 613.2 |b ARI |2 21 |
| 100 | 0 | |a Ariztía A., Aníbal |e author |9 309281 | |
| 700 | 0 | |a Martner G., Jorge A |e author |9 309282 | |
| 245 | 1 | 0 | |a Nutrición y alimentación del lactante y su patología |
| 300 | |a 213 p | ||
| 942 | |c BK | ||
| 945 | |d 19900515 00:00:00 | ||
| 260 | |a Santiago |b Universitaria |c 1970 | ||
| 650 | 7 | |a NUTRICION DE LACTANTES |2 CL-VaPUC |9 259608 | |
| 650 | 7 | |a DESNUTRICION INFANTIL |2 CL-VaPUC |9 309087 | |
| 650 | 7 | |a ENFERMEDADES CARENCIALES |2 CL-VaPUC |9 259833 | |
| 583 | |a last modification |c 19900515 00:00:00 |k Rodrigo Vera | ||
| 999 | |c 218232 |d 218230 | ||
| 952 | |0 0 |1 0 |4 0 |6 613_200000000000000_ARI_1970 |7 0 |8 P |9 207374 |a BIBEDU |b BIBEDU |c BIBEDU_PB |d 2019-11-15 |i 2751461 |o 613.2 ARI 1970 |p 2751461 |r 2024-01-25 |w 2019-11-15 |y BK |k EDU | ||